<?xml version="1.0" encoding="UTF-8"?><?xml-stylesheet type="text/xsl" href="static/style.xsl"?><OAI-PMH xmlns="http://www.openarchives.org/OAI/2.0/" xmlns:xsi="http://www.w3.org/2001/XMLSchema-instance" xsi:schemaLocation="http://www.openarchives.org/OAI/2.0/ http://www.openarchives.org/OAI/2.0/OAI-PMH.xsd"><responseDate>2026-06-02T03:26:05Z</responseDate><request verb="GetRecord" identifier="oai:docta.ucm.es:20.500.14352/125858" metadataPrefix="marc">https://docta.ucm.es/rest/oai/request</request><GetRecord><record><header><identifier>oai:docta.ucm.es:20.500.14352/125858</identifier><datestamp>2025-11-07T00:49:54Z</datestamp><setSpec>com_20.500.14352_14</setSpec><setSpec>col_20.500.14352_15</setSpec></header><metadata><record xmlns="http://www.loc.gov/MARC21/slim" xmlns:dcterms="http://purl.org/dc/terms/" xmlns:xsi="http://www.w3.org/2001/XMLSchema-instance" xmlns:doc="http://www.lyncode.com/xoai" xsi:schemaLocation="http://www.loc.gov/MARC21/slim http://www.loc.gov/standards/marcxml/schema/MARC21slim.xsd">
   <leader>00925njm 22002777a 4500</leader>
   <datafield ind2=" " ind1=" " tag="042">
      <subfield code="a">dc</subfield>
   </datafield>
   <datafield ind2=" " ind1=" " tag="720">
      <subfield code="a">Bullón De Diego, José María</subfield>
      <subfield code="e">author</subfield>
   </datafield>
   <datafield ind2=" " ind1=" " tag="260">
      <subfield code="c">2025-11-03</subfield>
   </datafield>
   <datafield ind2=" " ind1=" " tag="520">
      <subfield code="a">Se propone una reflexión sobre la relación entre el dibujo y la visión, considerando por visión el primer acto creativo en el proceso artístico. La introducción plantea parámetros de la fisiología de la visión y posibles aspectos fisiológicos, tecnológicos y educativos. Desde una perspectiva metafórica y con la obra de Zambrano, se reflexiona sobre la importancia de desarrollar una visión clara para el proceso creativo. Con la metáfora de la llama, se analiza el valor simbólico de la visión y su relación con la contemplación, donde el acto creativo podría ser considerado un proceso de revelación en estado de belleza.</subfield>
   </datafield>
   <datafield ind2=" " ind1=" " tag="520">
      <subfield code="a">This paper proposes a reflection on the relationship between drawing and vision, considering vision as the primary creative act in the artistic process. The introduction outlines parameters of the physiology of vision and potential physiological, technological, and educational aspects. From a metaphorical perspective and drawing on the work of Zambrano, it reflects on the importance of developing a clear vision for the creative process. Using the metaphor of the flame, the symbolic value of vision and its relationship with contemplation are explored, where the creative act could be regarded as a process of revelation in a state of beauty.</subfield>
   </datafield>
   <datafield ind1="8" ind2=" " tag="024">
      <subfield code="a">Bullón de Diego, J. M. (2025). About Drawing and Vision. VISUAL REVIEW. International Visual Culture Review Revista Internacional De Cultura Visual, 17(6), 233–243. https://doi.org/10.62161/revvisual.v17.5894</subfield>
   </datafield>
   <datafield ind1="8" ind2=" " tag="024">
      <subfield code="a">https://doi.org/10.62161/revvisual.v17.5894</subfield>
   </datafield>
   <datafield ind1="8" ind2=" " tag="024">
      <subfield code="a">https://hdl.handle.net/20.500.14352/125858</subfield>
   </datafield>
   <datafield ind1="8" ind2=" " tag="024">
      <subfield code="a">https://doi.org/10.62161/revvisual.v17.5894</subfield>
   </datafield>
   <datafield ind2="0" ind1="0" tag="245">
      <subfield code="a">Del dibujo y la visión</subfield>
   </datafield>
   <datafield ind2="0" ind1="0" tag="245">
      <subfield code="a">Of drawing and vision</subfield>
   </datafield>
</record></metadata></record></GetRecord></OAI-PMH>